[Event "First Saturday 09 July FM-C"]
[Site "Budapest"]
[Date "2009.07.10"]
[Round "7"]
[White "Pataki, Zemplen"]
[Black "Farkas, Richard"]
[Result "0-1"]
[WhiteElo "1544"]
[BlackElo "1818"]
[PlyCount "116"]
[EventDate "2009.07.04"]

1. e4 e6 2. d4 d5 3. Nc3 Bb4 4. exd5 exd5 5. Bd3 Nf6 6. a3 Ba5 7. Nge2 c6 8.
Bg5 h6 9. Bh4 O-O 10. O-O Qd6 11. Bg3 Qd8 12. Bh4 Bc7 13. f4 Bg4 14. Qd2 Qd6
15. Ng3 Bb6 16. Nf5 Bxf5 17. Bxf5 Re8 18. Rae1 Nbd7 19. Bxf6 Nxf6 20. Kh1 Bc7
21. g3 g6 22. Bh3 Ne4 23. Nxe4 dxe4 24. f5 c5 25. fxg6 fxg6 26. Qf2 cxd4 27.
Qf7+ Kh8 28. Rf6 Rf8 29. Rxd6 Rxf7 30. Rxd4 e3 31. Re4 Bb6 32. Re6 Kg7 33. b4
Rd8 34. Re2 Rd1+ 35. Kg2 Rf2+ 36. Rxf2 exf2 37. Kf3 f1=Q+ 38. Bxf1 Rxf1+ 39.
Kg4 h5+ 40. Kh3 Rf2 41. c4 g5 42. g4 h4 43. c5 Bd8 44. Rd6 Bf6 45. Rd7+ Kg6 46.
Rd6 Kf7 47. Rd5 Ke7 48. Rf5 Rxf5 49. gxf5 Be5 50. Kg4 Bxh2 51. Kxg5 Bg3 52. Kg4
Kf6 53. a4 Bf2 54. a5 a6 55. Kf3 Be1 56. b5 Bxa5 57. bxa6 bxa6 58. Kg4 Bc7 0-1